000 01018nam a22003617a 4500
001 BR0603867
003 BR-BrBNA
005 20230928102245.0
007 ta
008 230509b bl.||||| |||| 00| 0 por d
040 _aBR-BrBNA
_bpor
_cBiblioteca Nacional de Agricultura
041 _a(Por)
072 _aN20; F01
090 _ N20 BR0603867
100 1 _aCasão Junior, R.
100 1 _aSiqueira, R.
100 1 _aAraújo, A.G. de
110 1 _aInstituto Agronômico do Paraná, Curitiba (Brasil)
_95629
245 1 _aDinâmica de semeadoras-adubadoras diretas em Marechal Cândido Rondon-PR
260 3 _aLondrina, PR (Brasil):
_c2001.
300 _a26 p.
500 _a21 illus.; 12 tables
650 _aSEMEADEIRA
650 _aMÁQUINA AGRÍCOLA
650 _aPLANTIO DIRETO
650 _aADUBADEIRA
650 _aIMPLEMENTO AGRÍCOLA
650 _aTECNOLOGIA APROPRIADA
650 _aCUSTO OPERACIONAL
650 _aPARANÁ
909 _a202309
_bLucia
_c55
_dLucia Elande
942 _cBK
999 _c69886
_d69886